=LDR 00000nam 2200000 4500 =001 NUTBA000000000005585 =005 20141104094124.0 =006 =007 =008 =035 ##$$a 0010-111400000000064 =040 ##$$a NBPDMAT =082 ##$$a 372.5 =090 ##$$a 372.5 $b Fat l =100 ##$$a Fatmawati =245 ##$$aLKS Utama Seni Budaya dan Keerampilan untuk SD kelas 6 semeser 1/ $c Fatmawati =250 ##$$a Cet.1 =260 ##$$a Jakarta : $b Widya Utama, $c 2010 =300 ##$$a88 hlm. : $b ilus. ; $c 29 cm. =650 ##$$a Seni dan Keterampilan - SD =850 ##$$a NBPDMAT